000 00975nam a22002297a 4500
005 20210325210738.0
008 s2547 th f tha d
020 _a9743233377
040 _aNALT
090 _aFIC
_bค479ล 2547
100 1 _aคียส์, มาเรียน
_921547
245 1 0 _aลูซี่ ซัลลิแวน รักแท้แค่หัวใจเอื้อมถึง /
_cMarian Keyes ; จิตราพร โนโตดะ แปล.
246 3 1 _aLucy Sullivan is getting married.
260 _aกรุงเทพฯ :
_bมติชน,
_c2547.
300 _a680 หน้า ;
_b
_c21 ซม.
650 4 _aนวนิยาย
_93785
700 0 _921548
_aจิตราพร โนโตดะ
700 1 _921549
_aKeyes, Marian
850 _aNALT
942 _cFIC
_2local
998 _j104
_k สายฝน ดีงาม
999 _c67033
_d67033